000 01193nam a2200265Ia 4500
999 _c54149
_d54149
001 21205
003 GE_BSU
005 20210802143322.0
008 181216s ||||ge |||||||||||||| ||geo||
020 _a9789941064432
040 _cGE_BSU
041 _ageo
080 _a159.925.8 გ-51
100 _aგიორგაშვილი, გიორგი
_912361
245 _aსხეულის ენა და აზრების წაკითხვის ხელოვნება /
_cგიორგი გიორგაშვილი ; რედაქტორი ანა გიორგაშვილი.
264 _aთბილისი :
_bთეკა & კომპანია,
_c2015.
300 _a152 გვ. :
_b ილ. ;
_c 20 სმ.
541 _h13ლ.10თ.
653 _aარავერბალური კომუნიკაცია
653 _aსხეულის ენა
653 _aაზრების წაკითხვის ხელოვნება
653 _aფსიქოლოგია
700 _aგიორგაშვილი, ანა
_eრედაქტორი
_912362
942 _cBK
_2udc